Tilastot visalle Intia-visa

Klikkaa tästä pelataksesi tätä visaa!

Yleistilastot

  • Tätä visaa on pelattu 536 kertaa
  • Keskiarvotulos 14 / 30

Vastaustilastot

VihjeVastaus% Oikein
Yleismmät uskonnotHindulaisuus
92%
Yleismmät uskonnotIslam
84%
Yleisimmät äidinkieletHindi
83%
Pyhin eläin uskonnossa 1Lehmä
83%
Intian elokuvateollisuuden lempinimiBollywood
81%
Suurimmat kaupungitDelhi
80%
Yleismmät uskonnotKristinusko
74%
Suosituin urheilulajiKriketti
68%
Korkein vuoristoHimalaja
65%
Suurimmat kaupungitMumbai
65%
Pisimmät joetGanges
54%
Suurimmat kaupungitKalkutta
53%
Intian itsenäistymisliikkeen johtajaMohandas Gandhi
49%
Intiassa "keksitty" lukuNolla
48%
Kuuluisin maamerkki (Agrassa)Taj Mahal
48%
ValuuttaRupia
45%
Naisten käyttämä toogan kaltainen vaatekappaleSari
43%
KansalliseläinBengalintiikeri
39%
Uskonnon 1 kolmiopin jumalatShiva
34%
Uskonnon 1 kolmiopin jumalatVishnu
33%
Yleisimmät äidinkieletBengali
32%
Pakistanin ja Kiinan kanssa kiistelty alueKashmir
32%
Yleisimmät äidinkieletTamili
25%
Ylläolevalle annettu titteli, joka tarkottaa "suurta sielua"Mahatma
24%
Uskonnon 1 kolmiopin jumalatBrahma
22%
Pisimmät joetIndus
22%
Yleismmät uskonnotSikhiläisyys
19%
Yleisimmät äidinkieletMarathi
14%
Yleisimmät äidinkieletTelugu
14%
Korkein kasti uskonnossa 1Bramiinit
10%

Tulosjakauma

Persentiili vastausten määrän mukaan

Jokaisen tuloksen saaneiden osuus

Tuloshistoriasi

Et ole pelannut tätä visaa